Sports Quiz

Random Sports or Baseball Quiz
Score 0/100 Timer 10:00
3 Plays Today
Year Player % Correct
2004Randy Johnson
93.7%
2002Randy Johnson
93.7%
2001Randy Johnson
93.7%
2000Randy Johnson
93.7%
2005Pedro Martinez
92.1%
2003Pedro Martinez
92.1%
2002Pedro Martinez
92.1%
2000Pedro Martinez
92.1%
2008Johan Santana
87.4%
2006Johan Santana
87.4%
2005Johan Santana
87.4%
2004Johan Santana
87.4%
2009Felix Hernandez
87.3%
2009Chris Carpenter
87.2%
2006Chris Carpenter
87.2%
2005Chris Carpenter
87.2%
2009Tim Lincecum
87.1%
2008Tim Lincecum
87%
2008CC Sabathia
86.6%
2006CC Sabathia
86.6%
2005Roger Clemens
86.5%
2004Roger Clemens
86.5%
2003Curt Schilling
85.9%
2001Curt Schilling
85.9%
2009Roy Halladay
85.8%
2008Roy Halladay
85.8%
2006Roy Halladay
85.8%
2002Roy Halladay
85.8%
2009Zack Greinke
85.5%
2002Greg Maddux
85.4%
2001Greg Maddux
85.4%
2000Greg Maddux
85.4%
2002Tom Glavine
83%
2000Tom Glavine
83%
Year Player % Correct
2008Cliff Lee
81.3%
2007John Smoltz
79.7%
2006John Smoltz
79.7%
2005John Smoltz
79.7%
2008Jake Peavy
77.1%
2007Jake Peavy
77.1%
2005Jake Peavy
77.1%
2004Jake Peavy
77.1%
2002Barry Zito
76.7%
2009Adam Wainwright
76.4%
2003Tim Hudson
75.6%
2002Tim Hudson
75.6%
2007Roy Oswalt
73.7%
2006Roy Oswalt
73.7%
2005Roy Oswalt
73.7%
2009Matt Cain
70%
2007Fausto Carmona
68.4%
2005Andy Pettitte
66.1%
2009Clayton Kershaw
65.4%
2006Carlos Zambrano
63.5%
2004Carlos Zambrano
63.5%
2003Carlos Zambrano
63.5%
2007Brandon Webb
63.3%
2006Brandon Webb
63.3%
2003Brandon Webb
63.3%
2008Cole Hamels
60.9%
2003Mark Prior
54.5%
2005Dontrelle Willis
54.2%
2002Bartolo Colon
53%
2001Mike Mussina
52.4%
2008Ben Sheets
50.9%
2004Ben Sheets
50.9%
2002Derek Lowe
48.6%
2007John Lackey
47.7%
Year Player % Correct
2002Tim Wakefield
47.3%
2004Jason Schmidt
43.1%
2003Jason Schmidt
43.1%
2003Kevin Brown
41.5%
2000Kevin Brown
41.5%
2007Dan Haren
37.9%
2006Bronson Arroyo
36.1%
2004Al Leiter
33.1%
2000Al Leiter
33.1%
2008Daisuke Matsuzaka
29.4%
2001Freddy Garcia
28.5%
2007Chris Young
28.2%
2006Chris Young
28.2%
2005Kevin Millwood
28%
2000Mike Hampton
27.3%
2008Ryan Dempster
27%
2001Matt Morris
26.9%
2007Brad Penny
26.9%
2009Javier Vazquez
26.3%
2009Jair Jurrjens
24.6%
2003Hideo Nomo
24.2%
2001Darryl Kile
22.9%
2007Erik Bedard
21%
2004Oliver Perez
20.7%
2003Esteban Loaiza
19.9%
2001Russ Ortiz
19.6%
2004Carl Pavano
18.5%
2000Chan Ho Park
12.1%
2001John Burkett
8.8%
2000Rick Ankiel
7.7%
2001Joe Mays
6.4%
2000Jeff D'Amico
4.2%
Remove Ads.
Support Sporcle.
Get the best of Sporcle when you Go Orange. This ad-free experience offers more features, more stats, and more fun while also helping to support Sporcle. Thank you for becoming a member.

You're not logged in!

Compare scores with friends on all Sporcle quizzes.
OR
Log In

Show Comments

Extras

Top Quizzes Today


Score Distribution

Your Account Isn't Verified!

In order to create a playlist on Sporcle, you need to verify the email address you used during registration. Go to your Sporcle Settings to finish the process.

Report this User

Report this user for behavior that violates our Community Guidelines.

Details: